000 00872nam a2200301 a 4500
003 AR-BaBNM
005 20251128203512.0
008 082120s2002 ||||||||||||||000 | spa||
020 _a968-16-1312-0
040 _cAR-BaBNM
100 1 _aChaney, Elsa M.
245 0 0 _aSupermadre
_bla mujer dentro de la política en América Latina
250 _a1ª ed.
260 _aMéxico, D.F.
_bFondo de Cultura Económica
_c1983
300 _a317 p.
490 0 _aColección Popular
_vv. 240
500 _aContiene referencias bibliográficas en p. 285
650 4 _aMUJERES
650 4 _aFEMINISMO
650 4 _aORGANIZACIONES FEMENINAS
650 4 _aMOVIMIENTO DE LIBERACION FEMENINA
650 4 _aDERECHOS DE LA MUJER
650 4 _aPARTICIPACION POLITICA
651 4 _aAmérica Latina
700 1 _aCaso, Mariluz
_etraductor
942 _cBK
998 _cMARTIN
999 _c3668
_d3668